| 000 | 00701cam a22002413a 4500 | ||
|---|---|---|---|
| 001 | 1209 | ||
| 003 | PGUSA | ||
| 005 | 20140828082958.0 | ||
| 008 | 980201s1998||||xxu|||||s|||||000 | eng d | ||
| 040 |
_aPGUSA _beng |
||
| 042 | _adc | ||
| 050 | 4 | _aF3401 | |
| 100 | 1 |
_aPrescott, William Hickling, _d1796-1859 |
|
| 245 | 1 | 0 |
_aHistory of the Conquest of Peru _h[electronic resource] / _cWilliam Hickling Prescott |
| 260 |
_bProject Gutenberg, _c1998 |
||
| 506 | _aPublic domain in the USA. | ||
| 516 | _aElectronic text | ||
| 653 | _aPeru -- History -- Conquest, 1522-1548 | ||
| 653 | _aIncas | ||
| 830 | 0 |
_aProject Gutenberg _v1209 |
|
| 856 | 4 | 0 | _uhttp://www.gutenberg.org/ebooks/1209 |
| 942 | _cEB | ||
| 999 |
_c230557 _d230557 |
||